00558nam a2200181Ia 450000500170000000800410001702000220005804000190008004100120009908200150011110000130012624501250013926000360026430000190030065000240031970000220034385000110036520231223092702.0131103s9999 xx 000 0 und d a144000456cRs 250 aLoreto College aEnglish a891.2bSIV aSivadasa 4aSivadasa, The Five and Twenty Tales of the Genie, cTranslated from the Sanskrit with an introduction by Chandra Rajan aNew DelhibPenguin Books c1995 aixviii, 254p.  aSanskrit Literature aRajan, Chandra,ed aLCLIB